000 00764nam a2200229 a 4500
999 _c12160
_d12160
001 12160
003 BD-JhCC
005 20210322091835.0
008 210322b 2019bg a|||| ||a| 000 0 mul d
020 _a9789848042038
035 _a(BD-JhCC)12160
040 _aBD-JhCC
_dBD-JhCC
041 _amul
082 _a005.1
_bRAF 2019
100 _aরাফি, তাহমিদ
245 _aপ্রোগ্রামিং এক্সারসাইজ /
_cতাহমিদ রাফি
260 _aঢাকা :
_bদ্বিমিক প্রকাশনী,
_c২০১৯.
300 _a১১৫ পৃ. :
_bচিত্রাবলী;
_c২৪ সে.মি.
650 _aComputer programming
942 _2ddc
_cBK